| Tag |
First Indicator |
Second Indicator |
Subfields |
| LEADER |
00000cam a2200000 a 4500 |
| 001 |
in00005716639 |
| 005 |
20260319180135.9 |
| 006 |
m o d |
| 007 |
cr |n||||||||| |
| 008 |
110512s2011 ii a ob 001 0 eng d |
| 010 |
|
|
|z 2011323057
|
| 040 |
|
|
|a WYU
|b eng
|e pn
|c WYU
|d OCLCO
|d OCLCF
|d YDXCP
|d VMC
|d VLB
|d STBDS
|d FIE
|d BUF
|d YOU
|d TKN
|d OCLCQ
|d YDX
|d OCLCO
|d OCLCA
|d OCLCQ
|d OCLCO
|d HS0
|d OCLCA
|d SFB
|d OCLCO
|d OCLCQ
|d OCLCO
|d OCLCL
|d OCLCA
|d OCLCQ
|d OCLCA
|d OCLCL
|d OCLCO
|d COA
|d INARC
|
| 019 |
|
|
|a 812066909
|a 1084809284
|a 1085496541
|a 1085699120
|a 1086331839
|a 1088221223
|a 1088642047
|a 1089188697
|a 1089604155
|a 1182846385
|a 1298423541
|a 1340072429
|
| 020 |
|
|
|a 0199080429
|q (electronic bk.)
|
| 020 |
|
|
|a 9780199080427
|q (electronic bk.)
|
| 020 |
|
|
|z 9780198070740
|
| 020 |
|
|
|z 0198070748
|
| 024 |
8 |
|
|a (WaSeSS)ssj0000716831
|
| 025 |
|
|
|a I-E-2011-323057; 09
|
| 035 |
|
|
|a (OCoLC)1064221824
|z (OCoLC)812066909
|z (OCoLC)1084809284
|z (OCoLC)1085496541
|z (OCoLC)1085699120
|z (OCoLC)1086331839
|z (OCoLC)1088221223
|z (OCoLC)1088642047
|z (OCoLC)1089188697
|z (OCoLC)1089604155
|z (OCoLC)1182846385
|z (OCoLC)1298423541
|z (OCoLC)1340072429
|
| 037 |
|
|
|b Library of Congress -- New Delhi Overseas Office
|
| 043 |
|
|
|a a-ii---
|
| 050 |
|
4 |
|a DS432.S5
|b G72 2011
|
| 082 |
0 |
4 |
|a 954.00882946
|2 22
|
| 049 |
|
|
|a TXAM
|
| 100 |
1 |
|
|a Grewal, J. S.
|
| 240 |
1 |
0 |
|a History, literature, and identity (Online)
|
| 245 |
1 |
0 |
|a History, literature, and identity :
|b four centuries of Sikh tradition /
|c J.S. Grewal.
|
| 246 |
3 |
0 |
|a Four centuries of Sikh tradition
|
| 260 |
|
|
|a New Delhi :
|b Oxford University Press,
|c 2011.
|
| 300 |
|
|
|a 1 online resource (xiv, 332 pages) :
|b illustrations (some color)
|
| 336 |
|
|
|a text
|b txt
|2 rdacontent
|
| 337 |
|
|
|a computer
|b c
|2 rdamedia
|
| 338 |
|
|
|a online resource
|b cr
|2 rdacarrier
|
| 504 |
|
|
|a Includes bibliographical references (pages 327-328) and indexes.
|
| 505 |
0 |
|
|a Articulation of a new dispensation, c. 1500-1605. The Gurmukh Panth : Guru Nanak ; In the master's footsteps : the Shaloks of Guru Angad ; An exclusive path for the Kaliyuga : Guru Amar Das ; The House of Nanak, an expression of divine grace : Guru Ram Das ; Halemī Rāj, a parallel dispensation : Guru Arjan -- In the context of confrontation, 1606-75. A pure and distinct Panth : Bhai Gurdas ; "Frighten no one and be afraid of none" : Guru Tegh Bahadur -- In response to external threat, 1675-c. 1708. Declaration of righteous war : the Bachittar Nātak ; Triumph of the Khalsa : the Vār Bhagautī of Gurdas ; The Guru-Khalsa : Sainapat's Srī Gur Sobha ; The Singh way of life : the Rahitnāmas -- In the context of Sikh rule, 1765-1849. The Sikh faith and the Khalsa Panth : Chhibber's Bansāvalīnāma ; Sovereignty of the third Panth : Bhangu's Gurū-Panth Prakāsh -- In the context of colonial rule, 1849-1947. An argument for Sikh nationality : Nabha's Ham Hindū Nahīn -- Epilogue.
|
| 520 |
8 |
|
|a This book examines the entire range of sacred literature produced between the sixteenth and nineteenth century to give a comprehensive account of Sikhism. Dealing with the historical evolution of the Sikh tradition, it discuss issues like self-image, identity, and ideology.
|
| 650 |
|
0 |
|a Sikhs
|x History.
|
| 650 |
|
0 |
|a Sikhism
|x History.
|
| 651 |
|
0 |
|a Punjab (India)
|x History.
|
| 650 |
|
6 |
|a Sikhs
|x Histoire.
|
| 650 |
|
6 |
|a Sikhisme
|x Histoire.
|
| 651 |
|
6 |
|a Pendjab (Inde)
|x Histoire.
|
| 650 |
|
7 |
|a Sikhism
|2 fast
|
| 650 |
|
7 |
|a Sikhs
|2 fast
|
| 651 |
|
7 |
|a India
|z Punjab
|2 fast
|1 https://id.oclc.org/worldcat/entity/E39QbtfRgfBXKMRyYKqyBc44Wc
|
| 650 |
|
7 |
|a Kulturelle Identität
|2 gnd
|
| 650 |
|
7 |
|a Literatur
|2 gnd
|
| 650 |
|
7 |
|a Sikh
|2 gnd
|
| 650 |
|
7 |
|a Sikhismus
|2 gnd
|
| 650 |
|
7 |
|a Regions & Countries - Asia & the Middle East.
|2 hilcc
|
| 650 |
|
7 |
|a History & Archaeology.
|2 hilcc
|
| 650 |
|
7 |
|a South Asia.
|2 hilcc
|
| 655 |
|
7 |
|a Electronic books.
|2 local
|
| 655 |
|
7 |
|a History
|2 fast
|
| 710 |
2 |
|
|a Oxford University Press.
|1 https://id.oclc.org/worldcat/entity/E39QH7JmqydQRq3jgM89g7d7gg
|
| 758 |
|
|
|i has work:
|a History, literature, and identity (Text)
|1 https://id.oclc.org/worldcat/entity/E39PCGMtQXXT8FbPxC9VJRyq33
|4 https://id.oclc.org/worldcat/ontology/hasWork
|
| 776 |
0 |
8 |
|i Print version:
|a Grewal, J.S.
|t History, literature, and identity.
|d New Delhi : Oxford University Press, 2011
|z 9780198070740
|w (DLC) 2011323057
|w (OCoLC)693810835
|
| 856 |
4 |
0 |
|u http://proxy.library.tamu.edu/login?url=https://academic.oup.com/book/9738
|z Connect to the full text of this electronic book
|t 0
|
| 936 |
|
|
|a BATCHLOAD
|
| 955 |
|
|
|a Oxford Scholarship Online
|
| 994 |
|
|
|a 92
|b TXA
|
| 999 |
f |
f |
|i ebb5b7be-7175-4975-9fa7-c6e3c009e509
|s 8e60e2e5-5058-4748-9416-1611b3948a53
|t 0
|
| 952 |
f |
f |
|a Texas A&M University
|b College Station
|c Electronic Resources
|s www_evans
|d Available Online
|t 0
|e DS432.S5 G72 2011
|h Library of Congress classification
|
| 998 |
f |
f |
|a DS432.S5 G72 2011
|t 0
|l Available Online
|